| 000 | 00000nam##2200000za#4500 |
| 001 | 9.644024 |
| 003 | CaOODSP |
| 005 | 20210624224442 |
| 007 | cr ||||||||||| |
| 008 | 150407|2009||||xxc|||||o f|0| 0 fre|d |
| 040 | |aCaOODSP|bfre |
| 043 | |an-cn--- |
| 086 | 1 |aNH21-2/2009F-PDF |
| 110 | 2 |aSociété canadienne d'hypothèques et de logement. |
| 245 | 10|aAide-mémoire sur l'achat d'une maison : |h[ressource électronique]|bguide pratique pour le nouvel arrivant |
| 260 | |aOttawa - Ontario : |bSociété canadienne d'hypothèques et de logement |cc2009. |
| 300 | |a20p. |
| 590 | |a14-20-Supp|b2014-11-25 |
| 775 | 08|tHomebuyers checklist |w(CaOODSP)9.700119 |
| 856 | 40|ahttp://publications.gc.ca|qPDF|s314 Ko|uhttps://publications.gc.ca/collections/collection_2014/schl-cmhc/NH21-2-2009-fra.pdf |